000 00403nam a2200145Ia 4500
008 231129s1999||||xx |||||||||||||| ||spa||
020 _a958-30-0573-2
040 _bspa
082 _aCo863 N718q
100 _aNiño Jairo Aní­bal
245 0 _aEl quinto viaje y otras historias del nuevo mundo
260 _c1999
264 _aPanamericana
942 _2ddc
_cBKS
999 _c12261
_d12261